Clean Air Act Issues in the 108th Congress.

Examines various Clean Air Act (CAA) proposals and issues in the 108th Congress, including designation of nonattainment areas for new air quality standards, conformity of metropolitan area transportation plans , EPA proposed changes to the CAA new source review regulations, multi-pollutant legislati...

Full description

Bibliographic Details
Corporate Authors: Library of Congress. Congressional Research Service, ProQuest (Firm)
Format: eBook
Language:English
Published: [Place of publication not identified] : [publisher not identified], 2003.
Series:U.S. Congressional Research.
Subjects:
Online Access:Connect to the full text of this electronic book

MARC

Tag First Indicator Second Indicator Subfields
LEADER 00000cam a22000001a 4500
001 in00003374813
006 m d f
007 cr bn mmmapmmp
008 100727s2003 dcu o f000 0 eng d
005 20260430222808.2
035 |a cis2007903922 
040 |a ProQuest  |c ProQuest  |d UtOrBLW 
043 |a n-us--- 
099 |a CRS-2003-RSI-0939 
110 2 |a Library of Congress.  |b Congressional Research Service. 
245 1 0 |a Clean Air Act Issues in the 108th Congress. 
264 1 |a [Place of publication not identified] :  |b [publisher not identified],  |c 2003. 
300 |a 1 online resource. 
336 |a text  |b txt  |2 rdacontent 
337 |a computer  |b c  |2 rdamedia 
338 |a online resource  |b cr  |2 rdacarrier 
500 |a Record is based on bibliographic data in ProQuest U.S. Congressional Research Digital Collection (last viewed July 2010). Reuse except for individual research requires license from ProQuest, LLC. 
500 |a CRS Report. 
520 |a Examines various Clean Air Act (CAA) proposals and issues in the 108th Congress, including designation of nonattainment areas for new air quality standards, conformity of metropolitan area transportation plans , EPA proposed changes to the CAA new source review regulations, multi-pollutant legislation, and regulation of methyl tertiary butyl ether gasoline additive. 
500 |a Electronic resource. 
650 0 |a Air  |x Pollution. 
650 0 |a Environmental law. 
650 0 |a Gasoline. 
655 7 |a Electronic books.  |2 local 
710 2 |a ProQuest (Firm) 
776 0 8 |i Microfiche version:   |a Library of Congress. Congressional Research Service.  |t Clean Air Act Issues in the 108th Congress 
830 0 |a U.S. Congressional Research. 
856 4 0 |u http://proxy.library.tamu.edu/login?url=https://congressional.proquest.com/congcomp/getdoc?CRDC-ID=CRS-2003-RSI-0939  |z Connect to the full text of this electronic book  |t 0 
999 |a MARS 
999 f f |s 8fb49631-2d52-3c32-bac7-3fe658b88dc4  |i cc728122-d3d3-370e-8731-4fe4ad513fa2  |t 0 
952 f f |a Texas A&M University  |b College Station  |c Electronic Resources  |s www_evans  |d Available Online  |t 0  |e CRS-2003-RSI-0939  |h Other scheme 
998 f f |a CRS-2003-RSI-0939  |t 0  |l Available Online